Southville International School and Colleges
Your cart is empty.
  • Cart
  • Lists
    Public lists Eva Luna New books Lux_list list_1
    Your lists Log in to create your own lists
  • Log in to your account
  • Your cookies
  • Search history
Southville International School and Colleges
  • Advanced search
  • Recent comments
  • Most popular
  • Libraries

Log in to your account

Log in with GOOGLE


If you do not have an external account, but do have a local account, you can still log in:

  1. Home
  2. MARC view: Maria's movie comeback /
Normal view MARC view ISBD view

Maria's movie comeback / (Record no. 8164)

[ view plain ]
MARC details
000 -LEADER
fixed length control field 00600nam a22002057a 4500
003 - CONTROL NUMBER IDENTIFIER
control field OSt
005 - DATE AND TIME OF LATEST TRANSACTION
control field 20140310182012.0
008 - FIXED-LENGTH DATA ELEMENTS--GENERAL INFORMATION
fixed length control field 130730t xxu||||| |||| 00| 0 eng d
050 ## - LIBRARY OF CONGRESS CALL NUMBER
Classification number PZ 7
Item number .J65 1994
082 ## - DEWEY DECIMAL CLASSIFICATION NUMBER
Classification number KF
Item number J59uc 1994
100 ## - MAIN ENTRY--PERSONAL NAME
Personal name Johansson, Alice Nicole
9 (RLIN) 4714
245 ## - TITLE STATEMENT
Title Maria's movie comeback /
Statement of responsibility, etc Alice Nicole Johansson , created by Francine Pascal.
260 ## - PUBLICATION, DISTRIBUTION, ETC. (IMPRINT)
Place of publication, distribution, etc New York :
Name of publisher, distributor, etc Bantam Books,
Date of publication, distribution, etc 1994.
300 ## - PHYSICAL DESCRIPTION
Extent 135 p. ;
Dimensions 20 cm.
541 ## - IMMEDIATE SOURCE OF ACQUISITION NOTE
-- 1
562 ## - COPY AND VERSION IDENTIFICATION NOTE
Number of copies 1
650 ## - SUBJECT ADDED ENTRY--TOPICAL TERM
Topical term or geographic name as entry element School clubs
General subdivision Fiction
9 (RLIN) 6134
700 ## - ADDED ENTRY--PERSONAL NAME
Personal name Johansson, Alice Nicole
9 (RLIN) 4714
942 ## - ADDED ENTRY ELEMENTS (KOHA)
Source of classification or shelving scheme Library of Congress Classification
Koha item type
Call number prefix
Holdings
Withdrawn status Lost status Source of classification or shelving scheme Damaged status Home library Current library Shelving location Date acquired Total Checkouts Full call number Barcode Date last seen Date checked out Copy number Price effective from Koha item type
    Library of Congress Classification   Luxembourg Library Luxembourg Library Kids Fiction Section 07/30/2013 1 PZ 7 .J65 1994 1057 08/31/2022 08/31/2022 1 07/30/2013 Books

Maria's movie comeback /

APA

Johansson A. N., Johansson A. N., . (1994). Maria's movie comeback. New York: Bantam Books.

Chicago

Johansson Alice Nicole, Johansson Alice Nicole, . 1994. Maria's movie comeback. New York: Bantam Books.

Harvard

Johansson A. N., Johansson A. N., . (1994). Maria's movie comeback. New York: Bantam Books.

MLA

Johansson Alice Nicole, Johansson Alice Nicole, . Maria's movie comeback. New York: Bantam Books. 1994.

  • Place hold
  • Print
  • Cite
  • Add to your cart (remove)
  • Save record
    BIBTEX Dublin Core MARCXML MARC (non-Unicode/MARC-8) MARC (Unicode/UTF-8) MARC (Unicode/UTF-8, Standard) MODS (XML) RIS
  • More searches
    Search for this title in:
    Other Libraries (WorldCat) Other Databases (Google Scholar) Online Stores (Bookfinder.com) Open Library (openlibrary.org)

Exporting to Dublin Core...

SOUTHVILLE LIBRARY

Southville International School and Colleges Library

1281 Tropical Ave. Cor. Luxembourg St., BF Homes International, Las Pinas City

Tel. No. 8256374 / 252358 Loc. 117/146

Powered by Koha